000 00892nam 22002293 4500
001 198725
010 _a972-772-220-2
021 _aPT
_b160 921/01
090 _a198725
100 _a20251030d u||y0pory50 ba
101 _apor
200 _aO Céu e o Inferno
_fProsper Mérimée
_gTradução de Fernando Mora Ramos e Christine Zurbach
210 _aLisboa
_cEdições Colibri - Instituto Português das Artes do Espectáculo _ Delegação Regional da Cultura do Alentejo
_d2001
215 _a[4], 49, [3] p.
_cBrochado
_d21 cm
225 _aRepertório Básico de Teatro
_fCoordenação técnica de Mário Barradas e José Carlos Faria
_v10
300 _aTeatro
606 _93896
_aLiteratura Francesa Teatro
675 _a821.133.1-2/MER/CEU
_vPT
_zpor
700 _91633
_aMérimée
_bProsper1803-1870
801 _aPT
_bBMMN
_gRPC
830 _cCarlos Pinto
_d30-10-2025
_fCarlos Pinto
990 _cLIVROS